沖電気100年のあゆみ

Đã lưu trong:
书目详细资料
企业作者: 沖電気工業株式会社
格式: 图书
语言:Undetermined
出版: 東京 沖電気工業 1981
主题:
标签: 添加标签
没有标签, 成为第一个标记此记录!
Thư viện lưu trữ: Trung tâm Học liệu Trường Đại học Cần Thơ
LEADER 00533nam a2200193Ia 4500
001 CTU_92708
008 210402s9999 xx 000 0 und d
082 |a 338.8 
082 |b O.41 
110 |a 沖電気工業株式会社 
245 0 |a 沖電気100年のあゆみ 
245 0 |c 沖電気工業株式会社; 日本経営史研究所 
260 |a 東京 
260 |b 沖電気工業 
260 |c 1981 
650 |a Corporations 
650 |x Japan 
904 |i Ngoc 
980 |a Trung tâm Học liệu Trường Đại học Cần Thơ